[Event "Kazakhstan Cup Open 2020"]
[Site "Almaty"]
[Date "2020.12.13"]
[Round "3.3"]
[White "Ismagambetov, Anuar"]
[Black "Khusnutdinov, Rustam"]
[Result "1/2-1/2"]
[WhiteElo "2528"]
[BlackElo "2491"]
[Annotator "TA"]
[PlyCount "98"]
[EventDate "2020.12.01"]
[EventType "tourn"]
[EventCountry "KAZ"]
[SourceTitle "playchess.com"]
[Source "ChessBase"]
[SourceQuality "1"]

{[%evp 13,98,-15,-9,-10,-14,0,-18,-8,-16,-41,-34,-21,-41,-8,0,0,-6,-54,-66,-69,-61,-66,-62,-70,-64,-60,-37,-26,-43,-43,-31,-43,-35,-43,-30,-37,-16,-24,-19,-30,-31,-27,-18,-35,-23,-17,-8,-6,-14,-17,-2,-11,0,0,18,21,21,-25,56,0,0,0,0,0,0,0,0,0,0,0,0,0,0,0,0,0,0,0,0,0,0,0,0,0,0,0,0]} 1. e4 e6 2. d4 d5 3. Nc3 Bb4 4. Nge2 dxe4 5. a3 Bxc3+ 6. Nxc3 Nc6 7. Bb5 Nge7 8. Bg5 {C15: French: 3 Nc3 Bb4: Unusual White 4th moves.} O-O 9. Bxc6 bxc6 10. Nxe4 f6 {[#] White must now prevent ...Qd5.} 11. Bf4 Ng6 12. Bc1 {[#]} Qd5 $146 ({Predecessor:} 12... f5 13. Nc5 f4 14. c3 e5 15. O-O f3 16. g3 Qf6 17. Qd3 exd4 18. cxd4 Kh8 {0-1 (24) Fakhiridou,E (2215)-Isgandarova,K (2205) Istanbul 2012}) 13. f3 $1 Rd8 14. Be3 e5 {[%cal Re5d4]} 15. dxe5 Qa5+ ({Much weaker is} 15... Nxe5 16. Qxd5+ Rxd5 17. b3 $11) 16. Bd2 Qxe5 17. Qe2 Qxb2 18. O-O Qxc2 {[#] Strongly threatening ...f5.} 19. Rfc1 Qd3 20. Qxd3 Rxd3 21. Ba5 Ne7 22. Bxc7 Bf5 23. Nc5 Rd5 24. a4 Re8 25. Ra2 Nc8 26. g4 Bg6 27. Kf2 Re7 28. Bb8 Rd8 29. a5 Nd6 30. Bxd6 Rxd6 31. a6 Rd8 32. Rb2 Rde8 33. Rb7 Bf7 34. Ne4 {Nd6 is the strong threat.} Kf8 $1 35. Rcb1 Bd5 (35... Bg6 $11) 36. Rxe7 ({Better is} 36. Nd6 $1 $14 Rxb7 37. Rxb7 (37. axb7 Rb8 $11)) 36... Rxe7 $14 {[%mdl 4096] Endgame KRB-KRN. The position is equal.} 37. Nc5 g5 38. Rb8+ Kf7 39. Rb7 Kf8 40. Rb8+ Kf7 41. Rb7 Kf8 42. Kg3 Ke8 43. Rb8+ Kf7 44. Rb7 Ke8 45. Rb8+ Kf7 46. Kf2 Re8 47. Rb7+ Re7 48. h3 Ke8 49. Rb8+ $1 Kf7 {Weighted Error Value: White=0.05/Black=0.08} 1/2-1/2

[Event "Kazakhstan Cup Open 2020"]
[Site "Almaty"]
[Date "2020.12.13"]
[Round "3.4"]
[White "Agmanov, Zhandos"]
[Black "Aitbayev, Aslan"]
[Result "1-0"]
[WhiteElo "2407"]
[BlackElo "2457"]
[Annotator "ChessBase"]
[PlyCount "83"]
[EventDate "2020.12.01"]
[EventType "tourn"]
[EventCountry "KAZ"]
[SourceTitle "playchess.com"]
[Source "ChessBase"]
[SourceQuality "1"]
[TimeControl "40/5400+30:1800+30"]

1. e4 e6 {[%emt 0:03:30]} 2. d4 {[%emt 0:00:17]} d5 {[%emt 0:00:05]} 3. Nd2 {[%emt 0:00:37]} c5 {[%emt 0:00:26]} 4. exd5 {[%emt 0:01:29]} Qxd5 {[%emt 0:00:05]} 5. Ngf3 {[%emt 0:00:11]} cxd4 {[%emt 0:00:06]} 6. Bc4 {[%emt 0:00:09]} Qd6 {[%emt 0:00:04]} 7. O-O {[%emt 0:01:40]} Nf6 {[%emt 0:00:12]} 8. Nb3 {[%emt 0:00:16]} Nc6 {[%emt 0:00:05]} 9. Nbxd4 {[%emt 0:02:06]} Nxd4 {[%emt 0:00:06]} 10. Nxd4 {[%emt 0:00:07]} Be7 {[%emt 0:00:11]} 11. c3 {[%emt 0:03:53]} O-O {[%emt 0:02:01]} 12. Qf3 {[%emt 0:00:30]} Qc7 {[%emt 0:01:43]} 13. Bb3 {[%emt 0:01:36]} a5 {[%emt 0:00:24]} 14. a4 {[%emt 0:01:49]} Bd7 {[%emt 0:00:37]} 15. h3 {[%emt 0:07:42]} Qb6 {[%emt 0:08:34]} 16. Bc2 {[%emt 0:07:00]} Bc5 {[%emt 0:10:18]} 17. Rd1 {[%emt 0:09:40]} Bc6 {[%emt 0:08:40]} 18. Nxc6 {[%emt 0:09:33]} bxc6 {[%emt 0:01:23]} 19. Rb1 {[%emt 0:00:36]} Nd5 {[%emt 0:01:10]} 20. Bd2 {[%emt 0:04:37]} Rab8 {[%emt 0:00:44]} 21. Re1 {[%emt 0:01:40]} Rfd8 {[%emt 0:05:52]} 22. g3 {[%emt 0:08:42]} Qa7 {[%emt 0:07:58]} 23. Re2 {[%emt 0:04:39]} Rd7 {[%emt 0:05:43]} 24. Kg2 {[%emt 0:01:56]} Rdb7 {[%emt 0:07:24]} 25. Bc1 {[%emt 0:03:06]} Be7 {[%emt 0:02:24]} 26. h4 {[%emt 0:08:34]} Bf6 {[%emt 0:04:51]} 27. Ra1 {[%emt 0:00:13]} Qc5 {[%emt 0:02:58]} 28. h5 {[%emt 0:01:05]} g6 {[%emt 0:10:05]} 29. Bd3 {[%emt 0:03:33]} Bg7 {[%emt 0:02:27]} 30. h6 {[%emt 0:02:15]} Bh8 {[%emt 0:01:25]} 31. Re4 {[%emt 0:00:13]} Rxb2 {[%emt 0:03:50]} 32. Rc4 {[%emt 0:01:24]} Qd6 {[%emt 0:06:10]} 33. Bxb2 {[%emt 0:01:19]} Rxb2 {[%emt 0:00:03]} 34. Be4 {[%emt 0:05:58]} Be5 {[%emt 0:01:05]} 35. Bxd5 {[%emt 0:02:50]} exd5 {[%emt 0:00:04]} 36. Rd1 {[%emt 0:01:20]} Qe6 {[%emt 0:03:28]} 37. Rc5 {[%emt 0:02:42]} g5 {[%emt 0:01:33]} 38. Rxa5 {[%emt 0:02:13]} Qxh6 {[%emt 0:00:10]} 39. c4 {[%emt 0:00:22]} Qg6 {[%emt 0:00:59]} 40. cxd5 {[%emt 0:00:34]} cxd5 {[%emt 0:00:24]} 41. Rdxd5 {[%emt 0:03:38]} g4 {[%emt 0:08:43]} 42. Qe3 {[%emt 0:01:23]} 1-0

[Event "Kazakhstan Cup Open 2020"]
[Site "Almaty"]
[Date "2020.12.13"]
[Round "3.5"]
[White "Makhnev, Denis"]
[Black "Zhalmakhanov, Ramazan"]
[Result "0-1"]
[WhiteElo "2486"]
[BlackElo "2393"]
[Annotator "TA"]
[PlyCount "112"]
[EventDate "2020.12.01"]
[EventType "tourn"]
[EventCountry "KAZ"]
[SourceTitle "playchess.com"]
[Source "ChessBase"]
[SourceQuality "1"]

{[%evp 15,112,33,17,-45,-33,-58,-75,-60,-53,-67,-44,-50,-69,-88,-82,-84,-75,-77,-85,-104,-87,-83,-80,-84,-84,-78,-49,-68,-28,-72,-54,-72,-56,-45,-57,-48,-52,-85,-66,-82,-87,-106,-105,-118,-117,-106,-112,-167,-164,-151,-131,-119,-73,-66,-66,-78,-78,-147,-148,-204,-100,-82,-99,-141,-51,-108,-38,-42,-31,-1169,-1094,-2370,-2373,-714,-2423,-1827,-2308,-29979,-29980,-29980,-29981,-29981,-29982,-29982,-29983,-29985,-29983,-29983,0,-29985,-29986,-29988,-29989,-29989,-29990,-29990,-29991,-29991,-29992]} 1. d4 d5 2. c4 e6 3. Nf3 Nf6 4. Nc3 Bb4 5. cxd5 exd5 6. Bg5 h6 7. Bh4 g5 8. Bg3 Ne4 9. Rc1 {D38: Queen's Gambit Declined: Ragozin Defence (4 Nf3 Bb4).} (9. Nd2 $11) 9... Nc6 10. Ne5 Nxe5 ({But not} 10... Nxg3 $6 11. Nxc6 bxc6 12. hxg3 $14) 11. Bxe5 {Black is better.} Bxc3+ 12. bxc3 f6 13. Bg3 h5 {[#] Strongly threatening ...h4.} 14. f3 $146 ({Predecessor:} 14. h3 Nxg3 15. fxg3 Qd6 16. Qd3 Be6 17. Qf3 O-O-O 18. e3 Qa3 19. Rc2 Bd7 20. Kf2 {0-1 (48) Tarasova,V (2298)-Zvjaginsev,V (2664) St Petersburg 2010}) 14... Nxg3 15. hxg3 Qd6 16. g4 h4 17. e3 Bd7 18. Bd3 O-O-O 19. Qd2 Rde8 20. Kf2 Qg3+ 21. Kg1 Re7 22. Re1 Rhe8 23. Bg6 Rd8 (23... Rf8 {is interesting.} 24. Rh3 Qd6 25. Qb2 a5 26. Qb3 Be6) 24. Rh3 Qd6 25. g3 Rg8 26. Qd3 hxg3 27. Kg2 Kb8 28. Reh1 a6 $1 {Hoping for ...Bb5.} 29. Rh8 Rxh8 30. Rxh8+ Ka7 31. Rh7 (31. Qd2 $17 {was necessary.}) 31... Bb5 $19 32. Qd2 Rxh7 33. Bxh7 Bc4 34. Bd3 b5 35. Bxc4 dxc4 $15 {[%mdl 4096] Endgame KQ-KQ} ({Of course not} 35... bxc4 36. Qc2 $11) 36. e4 (36. Qb2 $142) 36... c5 $1 $17 {[%cal Rc5d4] And now ...cxd4 would win.} 37. Qe3 (37. d5 $17) 37... cxd4 (37... Qf4 $1 $19 {[%cal Rf4e3] is more deadly.} 38. Qe1 (38. Qxf4 $2 gxf4 39. e5 cxd4 $19) 38... cxd4 39. cxd4 Qc7) 38. cxd4 Kb6 {White must now prevent ...b4.} 39. Qc3 a5 (39... Kc6 $17 40. a3 Kc7) 40. a3 {[#]} ({White should try} 40. e5 $1 $15 fxe5 41. dxe5) 40... b4 $1 41. Qxc4 $15 bxa3 42. e5 $2 {[%mdl 8192] Black keeps a firm grip on the game.} (42. Qb3+ $15 Qb4 43. Qd5) 42... fxe5 $19 43. Qb3+ Qb4 $1 {[%cal Rb4b3]} 44. Qe6+ Kb5 45. Qd5+ Ka4 46. dxe5 Qb2+ 47. Kxg3 a2 48. Qc4+ Ka3 49. Qc5+ Kb3 50. Qb5+ Kc2 51. Qe2+ Kb3 52. Qb5+ {[#]} Kc3 $1 {Black mates.} 53. Qc5+ Kd3 54. Qd5+ Ke2 55. Qc4+ {[#]} Ke1 $1 56. Qe4+ Kf1 {Weighted Error Value: White=0.44/Black=0.19} 0-1

[Event "Kazakhstan Cup Open 2020"]
[Site "Almaty"]
[Date "2020.12.13"]
[Round "3.6"]
[White "Akhmetov, Ayan"]
[Black "Kazhgaleyev, Murtas"]
[Result "0-1"]
[WhiteElo "2438"]
[BlackElo "2569"]
[Annotator "TA"]
[PlyCount "80"]
[EventDate "2020.12.01"]
[EventType "tourn"]
[EventCountry "KAZ"]
[SourceTitle "playchess.com"]
[Source "ChessBase"]
[SourceQuality "1"]

{[%evp 15,80,39,53,0,2,9,12,0,0,0,12,0,0,0,6,0,0,-78,-87,-66,-83,-83,-87,-100,-100,-100,-100,-112,-100,-102,-97,-113,-120,-127,-39,-47,-42,-33,-37,-36,-3,-3,-2,-25,-19,-61,-61,-62,-54,-70,-70,-70,-70,-75,-29,-31,-29,-29,-9,-11,-10,-16,-10,-39,-47,-29980,-29981]} 1. e4 Nf6 2. e5 Nd5 3. d4 d6 4. c4 Nb6 5. exd6 cxd6 6. Nc3 g6 7. Be3 Bg7 8. Rc1 O-O 9. Be2 {B03: Alekhine's Defence: Four Pawns Attack.} (9. b3 $14) 9... d5 $11 10. c5 Nc4 11. Bxc4 {The position is equal.} dxc4 12. Nge2 Bf5 13. O-O Nc6 {[%cal Bb8c6,Bc6b4,Bb4d3][%mdl 32]} 14. b3 Bd3 15. bxc4 Bxc4 16. Qd2 {[#]} (16. Qa4 $11 {keeps the balance.} Bxe2 17. Nxe2) 16... Qa5 $1 $17 17. Rfd1 Rfd8 18. d5 Nb4 19. d6 exd6 20. cxd6 Nd3 {[#]} 21. Rc2 $146 ({Predecessor:} 21. Rb1 Rxd6 22. Rxb7 Qa6 23. Rc7 Be5 24. Ne4 Rd5 25. N2c3 Bxc7 26. Nxd5 Bxd5 27. Qxd3 Qxd3 {1-0 (35) Harikrishna,P (2730)-Mohammad,N (2437) chess.com INT 2019}) 21... Rxd6 {aiming for ...Rd7.} 22. Ne4 Qxd2 23. Rdxd2 Rc6 24. Nd4 Bxd4 (24... Rb6 $17 {( -> ...Rb1+)} 25. Rd1 Rb4) 25. Bxd4 $15 Re8 26. f3 f5 27. Rxd3 $1 {Threatens to win with Nf6+.} ({Don't blunder} 27. Rxc4 $2 Rxc4 28. Nf6+ Kf7 $19) 27... Bxd3 (27... fxe4 {feels hotter.} 28. Re3 Bd5 29. Rxc6 Bxc6 30. fxe4 b6) 28. Rxc6 fxe4 {[%mdl 4096] Endgame KRB-KRB} (28... bxc6 $5 29. Nf6+ $8 {[%mdl 64] Double Attack} Kf8 30. Nxe8 Kxe8 $11) 29. Rc3 (29. Rc7 {keeps more tension.} exf3 30. gxf3 Rd8 31. Be3 b5 32. Rxa7 Bc4 33. Bh6) 29... a6 {[%cal Ba7a6,Ba6b5][%mdl 32]} 30. fxe4 Bxe4 31. Re3 Kf7 32. a4 b5 33. axb5 axb5 34. Kf2 g5 35. g4 Kg6 36. Kg3 h5 37. gxh5+ Kxh5 38. Bc5 Rc8 39. Bd4 Ba8 {And now ...Rc2 would win.} 40. h3 $2 {[%mdl 8192] [#]} (40. Re5 $15) 40... Rc2 {Weighted Error Value: White=0.36/Black=0.08} 0-1

[Event "Kazakhstan Cup Open 2020"]
[Site "Almaty"]
[Date "2020.12.14"]
[Round "4.1"]
[White "Ibrayev, Nurlan"]
[Black "Kazhgaleyev, Murtas"]
[Result "1/2-1/2"]
[WhiteElo "2395"]
[BlackElo "2569"]
[Annotator "TA"]
[PlyCount "100"]
[EventDate "2020.12.01"]
[EventType "tourn"]
[EventCountry "KAZ"]
[SourceTitle "playchess.com"]
[Source "ChessBase"]
[SourceQuality "1"]

{[%evp 9,100,27,24,20,32,27,32,5,3,0,0,-9,0,-9,0,0,-1,0,0,0,0,0,0,-14,0,-16,-2,0,-4,-18,-17,-39,-19,-51,-23,-48,-29,-67,-74,-72,-65,-65,-67,-75,-48,-48,-29,-23,-37,-39,-7,-198,-191,-202,-179,-165,-162,-151,-111,-149,-143,-139,-139,-139,-141,-149,-131,-174,-174,-174,-95,-63,-57,-69,-38,-99,0,0,-4,-3,0,0,0,0,0,0,0,0,0,0,0,0,0]} 1. d4 Nf6 2. c4 e6 3. Nf3 d5 4. Nc3 a6 5. cxd5 exd5 6. Bg5 {D37: Queen's Gambit Declined: 5 Bf4.} Be6 7. e3 Nbd7 8. Be2 {White is slightly better.} Bd6 9. a3 c6 {[#]} 10. Bh4 $146 ({Predecessor:} 10. Qc2 Qc7 11. Bh4 h6 12. Bg3 Bxg3 13. hxg3 O-O 14. b4 b6 15. O-O Rfc8 16. Rfc1 {½-½ (23) Hoffman,A (2461)-Tristan,L (2493) Montevideo 2019}) 10... O-O 11. Bg3 Qe7 12. Bxd6 Qxd6 13. O-O Bg4 14. Nd2 Bxe2 15. Qxe2 Rfe8 16. Qf3 Re6 17. Qg3 Qe7 18. Qc7 Rb8 19. Rfe1 Ne8 20. Qf4 Nd6 21. Re2 Re8 22. Rae1 Nf6 (22... g5 $5 {[%cal Rg5f4]} 23. Qf3 f5 $11) 23. f3 Nh5 24. Qg4 f5 $36 {[%mdl 2048] Black fights for an advantage.} 25. Qh3 $1 Rh6 {And now ...Qd8 would win.} 26. f4 $1 Kh8 27. Qf3 g5 28. fxg5 Qxg5 29. Qf2 Ne4 30. Nf3 $2 {[#]} (30. Ndxe4 $11 {and White has nothing to worry.} fxe4 31. Qf7 {[%mdl 64] Double Attack}) 30... Qg7 $1 $19 31. Nxe4 fxe4 32. Ne5 {Threatens to win with Nf7+.} Rf8 33. Qh4 Nf6 34. Qf4 Nd7 35. Qxh6 Qxh6 36. Nxd7 Rf5 37. b4 Kg7 38. Nc5 Rf7 39. a4 b6 (39... Qd6 $19 40. a5 Qf6) 40. Nxa6 $17 Qd6 41. Rc2 $1 h5 $1 42. h3 ({Better is} 42. Rec1 $15) 42... Ra7 ({Black should try} 42... Kh7 $17 43. Rec1 h4) 43. b5 $11 {The position is equal.} cxb5 44. axb5 Kh7 45. Rc6 Qa3 {[#] Strongly threatening ...Qb2.} 46. Nc7 Qb2 {( -> ...Ra2)} 47. Rec1 ({Don't blunder} 47. Nxd5 $2 Ra2 $19) 47... Ra2 {[%csl Ga2][%cal Rb2g2]} 48. R6c2 Qb3 49. Rc3 $1 {[%cal Rc3b3]} Qb2 {[%csl Ga2][%cal Rb2g2]} 50. R3c2 Qb3 {And White is the lucky defender.  Weighted Error Value: White=0.14/Black=0.11} 1/2-1/2

[Event "Kazakhstan Cup Open 2020"]
[Site "Almaty"]
[Date "2020.12.14"]
[Round "4.2"]
[White "Zhalmakhanov, Ramazan"]
[Black "Akhmetov, Ayan"]
[Result "0-1"]
[WhiteElo "2393"]
[BlackElo "2438"]
[Annotator "TA"]
[PlyCount "88"]
[EventDate "2020.12.01"]
[EventType "tourn"]
[EventCountry "KAZ"]
[SourceTitle "playchess.com"]
[Source "ChessBase"]
[SourceQuality "1"]

{[%evp 10,88,35,28,42,0,6,0,10,0,8,5,8,0,4,0,19,0,0,0,0,-13,16,23,16,7,25,6,14,22,17,-12,-17,-22,-16,-15,-16,-21,-14,-60,-54,-106,-85,-164,-113,-128,-126,-237,-158,-140,-161,-157,-130,-156,-160,-173,-163,-169,-46,-350,-356,-329,-324,-322,-301,-317,-309,-417,-412,-481,-437,-522,-1142,-784,-784,-29942,-11646,-12826,-12814,-6436,-4481]} 1. e4 c6 2. d4 d5 3. exd5 cxd5 4. Bd3 Nc6 5. c3 g6 6. Nf3 Bf5 $1 {[%mdl 4] is recently more successful than 6...Bg7. B13: Caro-Kann: Exchange Variation and Panov-Botvinnik Attack.} 7. Be2 Nf6 8. h3 e6 {The position is equal.} 9. Bf4 Bd6 10. Bxd6 Qxd6 {[#]} 11. Nbd2 $146 ({Predecessor:} 11. O-O O-O-O 12. Na3 Kb8 13. Bb5 g5 14. Bxc6 Qxc6 15. Ne5 Qe8 16. Qb3 Ne4 17. Qb5 {0-1 (57) Markidis,K (2148)-Tomashevsky,E (2706) chess.com INT 2020}) 11... h5 12. Bb5 a6 13. Qa4 Rc8 14. Bxc6+ Qxc6 15. Qa3 Nd7 16. O-O f6 17. Rfe1 g5 18. h4 g4 19. Nh2 Kf7 20. Re3 Nf8 21. Nhf1 Ng6 22. g3 Rhe8 23. Rae1 e5 24. dxe5 Nxe5 25. Qb3 ({White should play} 25. Nb3 $15) 25... b5 26. Nh2 (26. Ra1 $17 {is a better defense.}) 26... Kg7 ({Black should try} 26... Rcd8 $19 27. Ndf1 Qc5) 27. Qd1 $17 {[#]} Nd3 $1 {[%cal Rd3e1]} 28. Re7+ (28. Rxe8 $17 {keeps fighting.} Rxe8 29. Rxe8 Qxe8 30. Ndf1) 28... Kg6 29. Rxe8 Rxe8 30. Rxe8 Qxe8 31. Nb3 Qe4 32. Qd2 Ne1 {[%csl Ge1][%cal Re4g2]} 33. f4 {[#]} gxf3 $40 {[%mdl 128] Black attacks.} (33... a5 $1 $19 {[%mdl 512]} 34. Nd4 (34. Nxa5 Qb1) 34... Qb1) 34. Nc5 $2 {[%mdl 8192] Loses the game.} (34. Nc1 $1 $15) 34... Qe2 $19 35. Qxe2 fxe2 {[%mdl 4096] Endgame KBN-KNN} 36. Kf2 Nd3+ 37. Nxd3 Bxd3 {KB-KN} 38. Nf3 Kf5 39. b3 a5 40. a3 a4 (40... Kg4 $142 41. b4 a4 42. Nh2+ Kh3) 41. bxa4 bxa4 42. Ke3 Kg4 43. Kf2 {[#]} e1=Q+ $1 {[%mdl 512]} 44. Nxe1 (44. Kxe1 Kxf3) 44... Be4 {Weighted Error Value: White=0.52/Black=0.16} 0-1

[Event "Kazakhstan Cup Open 2020"]
[Site "Almaty"]
[Date "2020.12.14"]
[Round "4.3"]
[White "Aitbayev, Aslan"]
[Black "Makhnev, Denis"]
[Result "1-0"]
[WhiteElo "2457"]
[BlackElo "2486"]
[Annotator "TA"]
[PlyCount "106"]
[EventDate "2020.12.01"]
[EventType "tourn"]
[EventCountry "KAZ"]
[SourceTitle "playchess.com"]
[Source "ChessBase"]
[SourceQuality "1"]

{[%evp 12,106,0,0,0,-28,0,0,0,0,27,24,16,3,14,0,54,59,55,29,57,69,57,63,59,63,36,58,65,67,64,23,15,8,68,67,68,62,72,64,118,104,109,114,135,132,152,147,157,160,157,153,158,154,146,119,127,124,112,93,97,89,110,66,67,69,300,303,268,267,414,408,496,229,234,241,247,254,258,251,587,564,526,250,253,245,243,218,346,339,689,642,659,643,612,583,29984]} 1. e4 e5 2. Nf3 Nc6 3. d4 exd4 4. Nxd4 Bc5 5. Nb3 Bb6 6. Nc3 Nf6 7. Bg5 O-O {C45: Scotch Game.} 8. Qe2 Nd4 (8... h6 $5 {[%cal Rh6g5]} 9. Be3 d5 $15) 9. Qd2 Nxb3 {The position is equal.} 10. axb3 h6 11. Be3 Bxe3 12. Qxe3 Re8 {has lost popularity (12...d5).} 13. O-O-O Qe7 (13... c6 $1 $11) 14. f3 $14 c6 15. Qd4 {[#]} d5 $146 ({Predecessor:} 15... b5 16. Qd6 Qxd6 17. Rxd6 Re6 18. Rxe6 dxe6 19. e5 Nd5 20. Ne4 a5 21. c4 Ne3 {1-0 (51) Negi,P (2638)-Sargissian,G (2679) Leon 2012}) 16. exd5 Nxd5 17. Nxd5 cxd5 18. Qxd5 Be6 19. Qd6 Qg5+ 20. Qd2 $1 Qc5 21. b4 Qc6 22. Qc3 Qxc3 (22... Qb6 $11) 23. bxc3 a5 24. Bd3 Rec8 25. Kd2 $1 a4 (25... axb4 $14 26. cxb4 Ra4) 26. Rhe1 $16 a3 27. Ra1 a2 28. Re4 $1 Kf8 29. c4 Ra4 30. Kc3 b6 31. Kb3 Rca8 32. Re5 Ke7 33. Rb5 R4a6 34. Kb2 Kf6 35. c5 bxc5 36. Rxc5 Rb6 37. b5 Ke7 38. c4 Rd6 $2 {This costs Black the game.} ({Better is} 38... Kd6 $1 $14 39. Rh5 f5) 39. Be4 $18 Ra4 {[#]} 40. Kc3 $1 ({Not} 40. Kb3 Rxc4 41. Rxc4 Rd4 $14) 40... Rb6 (40... Ra3+ $142 41. Kb4 Ra7) 41. Bc2 Kd6 {[#]} 42. Bxa4 (42. Rd5+ $142 $1 {[%mdl 512]} Bxd5 43. Bxa4) 42... Kxc5 {[%mdl 4096] Endgame KRB-KRB} 43. Bb3 ({Worse is} 43. Rxa2 Bxc4 44. Bb3 Bxb3 $11) 43... Bf5 44. Rxa2 Re6 45. Bc2 Re2 $2 (45... Bxc2 46. Rxc2 Re3+ 47. Kd2 Rb3) 46. Rb2 Bxc2 47. Rxc2 {KR-KR} (47. b6 $142) 47... Re3+ 48. Kd2 Rb3 49. h4 Ra3 (49... Kd4 $142 50. h5 Kc5) 50. Rb2 Kxc4 $2 (50... Kb6 51. Kc2 Kc5) 51. b6 {[%cal Bb5b6,Bb6b7][%mdl 32] White is clearly winning.} Rd3+ 52. Ke2 Rd8 53. b7 {Rc2+ is the strong threat.} Kd5 {Weighted Error Value: White=0.21/Black=0.38} 1-0

[Event "Kazakhstan Cup Open 2020"]
[Site "Almaty"]
[Date "2020.12.14"]
[Round "4.4"]
[White "Khusnutdinov, Rustam"]
[Black "Agmanov, Zhandos"]
[Result "0-1"]
[WhiteElo "2491"]
[BlackElo "2407"]
[Annotator "TA"]
[PlyCount "92"]
[EventDate "2020.12.01"]
[EventType "tourn"]
[EventCountry "KAZ"]
[SourceTitle "playchess.com"]
[Source "ChessBase"]
[SourceQuality "1"]

{[%evp 16,92,19,0,0,0,2,0,0,0,4,-16,0,0,0,0,0,0,0,0,0,0,0,0,0,0,0,-4,-5,0,0,0,0,-104,-124,-221,-220,-233,-233,-204,-82,-61,-75,-78,-69,-128,-98,-179,-150,-255,-242,-257,-250,-307,-289,-388,-310,-659,-556,-869,-527,-1833,-1724,-2408,-2808,-2626,-2565,-2383,-2296,-2364,-1266,-1956,-1868,-3394,-2483,-12841,-12841,-12842,-12842]} 1. e4 e6 2. d4 d5 3. Nc3 Nf6 4. e5 Nfd7 5. f4 c5 6. Nf3 Nc6 7. Be3 Be7 8. Qd2 a6 9. Be2 b5 {C11: French: Classical System: 4 e5 and 4 Bg5 dxe4.} 10. O-O O-O 11. Nd1 b4 {The position is equal.} 12. c3 a5 13. Nf2 bxc3 14. bxc3 a4 15. Rab1 {[#]} Na5 $146 ({Predecessor:} 15... Ba6 16. Bxa6 Rxa6 17. Nd3 Na5 18. Qe2 Nc4 19. Nb2 Nxe3 20. Qxa6 Nxf1 21. Kxf1 Qb8 {½-½ (31) Sykora,J (2357)-Lemke,B (2121) ICCF email 2017}) 16. Qc2 Ba6 17. Bxa6 Rxa6 18. f5 cxd4 19. cxd4 Qc8 20. Qd3 {Threatens to win with f6!} (20. Qxa4 $2 Nc4 $19) 20... exf5 $1 21. Qxf5 Nc4 22. Bg5 Bxg5 23. Nxg5 {[%csl Gg5][%cal Rf5h7]} Rg6 24. Rfe1 (24. Nd3 $11 {keeps the balance.} Qd8 25. Rb7 Ndxe5 26. Nxf7 (26. Nxe5 Rxg5 27. Qf4 Nxe5 $11) 26... Rxg2+ {[%mdl 64] Double Attack} 27. Kh1 Rxh2+ 28. Kxh2 Qh4+ 29. Kg1 Qg3+ 30. Kh1 Qh4+ 31. Kg1 Qg3+ 32. Kh1 Qh4+ 33. Kg1) 24... Ndxe5 $1 $17 25. Rxe5 (25. Qxc8 $17 Rxc8 26. h4) 25... Nxe5 $19 26. Qxe5 Qc2 27. Rf1 h6 (27... Qxa2 $19 {is more deadly.} 28. Ngh3 Re6) 28. Ngh3 $17 Qxa2 {And now ...Re6 would win.} 29. Nf4 {[%mdl 64] Double Attack. Black keeps a firm grip on the game.} Rg5 $36 {[%mdl 2048] Black fights for an advantage.} 30. Qd6 (30. Qe2 $15 Qxe2 31. Nxe2) 30... Qc4 31. Rd1 (31. Qc5 $17 {is a better defense.}) 31... Ra8 32. Qa3 {[#]} (32. h4 $17 Rf5 33. g4) 32... Rf5 $1 $19 {[%cal Rf5f4]} 33. g3 {[#]} Rf6 $1 34. Ng4 Rb6 35. Qe7 {intending Ne5.} Qc2 36. Rf1 $2 (36. Ne3 Qb3 37. Re1 (37. Nfxd5 $2 Re6 $19)) 36... Rb2 {Black is clearly winning.} 37. Qh4 Qe4 {Hoping for ...a3.} 38. Nxh6+ gxh6 39. Qxh6 Qxd4+ 40. Kh1 Qe4+ 41. Kg1 Qe5 42. Nd3 Qd4+ {[%mdl 64] Double Attack} 43. Nf2 Rb6 44. Qh5 a3 {[%cal Ba4a3,Ba3a2][%mdl 32]} 45. Rd1 {[#]} Qxd1+ $1 {[%mdl 576] Promotion} 46. Qxd1 (46. Nxd1 a2) 46... a2 {Weighted Error Value: White=1.06/Black=0.17} 0-1